Administration and supervision in laboratory medicine / (Record no. 4866)
[ view plain ]
| 000 -LEADER | |
|---|---|
| fixed length control field | 00902pam a2200265 a 4500 |
| 001 - CONTROL NUMBER | |
| control field | 1964520 |
| 003 - CONTROL NUMBER IDENTIFIER | |
| control field | OSt |
| 005 - DATE AND TIME OF LATEST TRANSACTION | |
| control field | 20160725155156.0 |
| 008 - FIXED-LENGTH DATA ELEMENTS--GENERAL INFORMATION | |
| fixed length control field | 880628s1989 paua b 001 0 eng c |
| 010 ## - LIBRARY OF CONGRESS CONTROL NUMBER | |
| LC control number | 88013309 |
| 020 ## - INTERNATIONAL STANDARD BOOK NUMBER | |
| International Standard Book Number | 0397508573 |
| 040 ## - CATALOGING SOURCE | |
| Original cataloging agency | DNLM/DLC |
| Transcribing agency | DLC |
| Modifying agency | DLC |
| 082 ## - DEWEY DECIMAL CLASSIFICATION NUMBER | |
| Classification number | QY 23 |
| Item number | A65j 1989 |
| 245 00 - TITLE STATEMENT | |
| Title | Administration and supervision in laboratory medicine / |
| Statement of responsibility, etc. | edited by John R. Snyder, Donald A. Senhauser ; with 36 contributors. |
| 250 ## - EDITION STATEMENT | |
| Edition statement | 2nd ed. |
| 260 ## - PUBLICATION, DISTRIBUTION, ETC. (IMPRINT) | |
| Place of publication, distribution, etc. | Philadelphia : |
| Name of publisher, distributor, etc. | Lippincott, |
| Date of publication, distribution, etc. | 1989. |
| 300 ## - PHYSICAL DESCRIPTION | |
| Extent | xvi, 525 p. : |
| Other physical details | ill. ; |
| Dimensions | 25 cm.. |
| 504 ## - BIBLIOGRAPHY, ETC. NOTE | |
| Bibliography, etc | Includes bibliographies and index. |
| 650 #0 - SUBJECT ADDED ENTRY--TOPICAL TERM | |
| Topical term or geographic name as entry element | Medical laboratories |
| General subdivision | Management. |
| 9 (RLIN) | 10446 |
| 650 #2 - SUBJECT ADDED ENTRY--TOPICAL TERM | |
| Topical term or geographic name as entry element | Laboratories |
| General subdivision | organization & administration. |
| 9 (RLIN) | 2285 |
| 700 1# - ADDED ENTRY--PERSONAL NAME | |
| Personal name | Snyder, John R. |
| 9 (RLIN) | 10447 |
| 700 1# - ADDED ENTRY--PERSONAL NAME | |
| Personal name | Senhauser, Donald A. |
| 9 (RLIN) | 10448 |
| 906 ## - LOCAL DATA ELEMENT F, LDF (RLIN) | |
| a | 7 |
| b | cbc |
| c | orignew |
| d | 1 |
| e | ocip |
| f | 19 |
| g | y-gencatlg |
| 942 ## - ADDED ENTRY ELEMENTS (KOHA) | |
| Source of classification or shelving scheme | Other/Generic Classification Scheme |
| Koha item type | Open Shelf |
| Withdrawn status | Lost status | Source of classification or shelving scheme | Damaged status | Not for loan | Home library | Current library | Date acquired | Source of acquisition | Inventory number | Total Checkouts | Full call number | Barcode | Date last seen | Price effective from | Koha item type |
|---|---|---|---|---|---|---|---|---|---|---|---|---|---|---|---|
| Other/Generic Classification Scheme | MUST Main Library | MUST Main Library | 25/07/2016 | 2011/33869 | QY 23 A65j 1989 | 2016-3439 | 25/07/2016 | 25/07/2016 | Open Shelf |
